People like us : exploring cultural values and attitudes

Đã lưu trong:
書目詳細資料
主要作者: Greenall, Simon
格式: 圖書
語言:Undetermined
出版: Oxford Macmillan 2004
主題:
標簽: 添加標簽
沒有標簽, 成為第一個標記此記錄!
Thư viện lưu trữ: Trung tâm Học liệu Trường Đại học Cần Thơ
LEADER 00567nam a2200217Ia 4500
001 CTU_100664
008 210402s9999 xx 000 0 und d
020 |c 66000 
082 |a 428.24 
082 |b G798 
100 |a Greenall, Simon 
245 0 |a People like us : 
245 0 |b exploring cultural values and attitudes 
245 0 |c Simon Greenall 
260 |a Oxford 
260 |b Macmillan 
260 |c 2004 
650 |a English language 
650 |x Study and teaching 
904 |i Vương 
980 |a Trung tâm Học liệu Trường Đại học Cần Thơ